Desempenho do lambari-do-rabo-amarelo alimentado com rações práticas contendo diferentes níveis de proteína bruta (Registro n. 332456)
[ somente texto ]
| 000 -LÍDER | |
|---|---|
| fixed length control field | 03266nab a2200289 i 4500 |
| 003 - CÓDIGO MARC DA AGÊNCIA CATALOGADORA | |
| Campo de controle | BR-BrBNA |
| 005 - DATA E HORA DA ÚLTIMA ATUALIZAÇÃO | |
| Campo de controle | 20250708143808.0 |
| 008 - CAMPO DE TAMANHO FIXO | |
| fixed length control field | 250708b2020 bl.tr|pooa||| 00| 0 por | |
| 040 ## - FONTE DA CATALOGAÇÃO | |
| Agência catalogadora | BR-BrBNA |
| Idioma da catalogação | por |
| 072 ## - CATEGORIA AGRIS | |
| Código AGRIS | M12 |
| Código do objeto | 8140 |
| 100 ## - ENTRADA PRINCIPAL - NOME PESSOAL | |
| Nome pessoal | Massago, Haluko |
| 100 ## - ENTRADA PRINCIPAL - NOME PESSOAL | |
| Nome pessoal | Silva, Bruno Corrêa da |
| 245 ## - TÍTULO PRINCIPAL | |
| Título principal | Desempenho do lambari-do-rabo-amarelo alimentado com rações práticas contendo diferentes níveis de proteína bruta |
| 500 ## - NOTA GERAL | |
| Nota geral | <br/><br/>Publicação online; 21 ref.; 2 tables; Summaries (En, Pt) |
| 942 ## - ADDED ENTRY ELEMENTS (KOHA) | |
| Koha item type | Analítica |
| 520 ## - NOTA DE RESUMO | |
| Nota de conteúdo | <br/><br/><br/>Resumo – O trabalho teve o objetivo de verificar o desempenho do lambari-do-rabo-amarelo Astyanax bimaculatus alimentado com diferentes níveis de proteína bruta (PB) em dieta prática para a fase de engorda. O delineamento experimental foi o inteiramente casualizado, feito com 6 dietas fareladas e 4 repetições cada, que apresentavam nível proteico de 18,9, 21,3, 23,7, 26,5, 28,6 e 31,2% PB, respectivamente. Foram usados 24 aquários de 80 litros com 20 peixes cada, com recirculação de água mantido a 23,2 ± 0,95 oC; pH 7,2 ± 0,2; alcalinidade 30,3 ± 8,0 mg CaCO3 L-1. O ensaio durou 70 dias, iniciando com lambaris de 1,29 ± 0,08g, alimentados 4 vezes ao dia na quantidade de 7,0 a 3,5% do peso vivo por dia. Em todos os tratamentos a sobrevivência foi acima de 80% com o peso final entre 4,2 a 5,8g. Os resultados do peso final, a eficiência alimentar, a produtividade e o custo de produção indicam que a melhor dieta prática para a engorda do lambari-do-rabo-amarelo foi a que contém 26%PB. <br/><br/><br/>Termos para indexação: Astyanax bimaculatus; nutrição; desempenho zootécnico; custos de alimentação |
| 520 ## - NOTA DE RESUMO | |
| Nota de conteúdo | <br/><br/><br/>Abstract – The aim of this research was to evaluate the practical diet crude protein (CP) diets based on the ideal protein for the growth of yellow-tail lambariAstyanax bimaculatus juvenile. The experimental design was completely randomized being 6 powder feed (18.9, 21.3, 23.7, 26.5, 28.6 and 31.2% CP), with 4 replicates each. Were used 24 aquariums (20 fish each, initial weight 1.29 ± 0.08g) with 80-liter water recirculation system. Water were maintained at 23.2 ± 0.95oC, pH 7.2 ± 0.2, alkalinity 30.3 ± 8.0mg CaCO3 L-1. The assay lasted 70 days, fed 4 times daily at 7.0 to 3.5% of body weight per day. In all treatments, they survived above 80% with the final weight between 4.2 and 5.8g. The results of the final weight, feed efficiency, productivity and production cost, indicate that the better practical diet for grow-out the yellow-tail lambari was the diet containing 26% CP.<br/><br/><br/>Index terms: Astyanax bimaculatus; nutrition; zootechnical performance; feed cost |
| 650 ## - ASSUNTO - THESAGRO | |
| Cabeçalho tópico ou nome geográfico | LAMBARI |
| 650 ## - ASSUNTO - THESAGRO | |
| Cabeçalho tópico ou nome geográfico | PEIXE DE ÁGUA DOCE |
| 650 ## - ASSUNTO - THESAGRO | |
| Cabeçalho tópico ou nome geográfico | DIETA |
| 650 ## - ASSUNTO - THESAGRO | |
| Cabeçalho tópico ou nome geográfico | PROTEÍNA BRUTA |
| 650 ## - ASSUNTO - THESAGRO | |
| Cabeçalho tópico ou nome geográfico | PERFORMANCE |
| 650 ## - ASSUNTO - THESAGRO | |
| Cabeçalho tópico ou nome geográfico | PISCICULTURA |
| 773 0# - ENTRADA ANALÍTICA | |
| Host Biblionumber | 1813 |
| Registro do item | 317202 |
| Imprenta | Florianópolis-SC Empresa de Pesquisa Agropecuária e Extensão Rural de Santa Catarina 1988- |
| Outro identificador | 2024-3826 |
| Título | Agropecuária Catarinense (Brazil) |
| ISSN | 0103-0779 |
| Colação | v. 33(3) p. 67-71; (2020) |
| Número de controle de registro | BR20250039 |
| 856 ## - ACESSO E ENDEREÇO ELETRÔNICO | |
| Identificador uniforme de recurso - URI | https://publicacoes.epagri.sc.gov.br/rac/article/view/551/984 |
Nenhum exemplar disponível.

BINAGRI